1439 1619 1242 1839 1051 1834 1044 1260 1408 1411 1700 1885 1845 1735 1649 1764 1499 1276 1773 1810 1387 1174 1421 1407 1730 1950 1922 1284 1663 1734 1645 1399 1880 1885 1790 1478 1338 1608 1087 1589 1834 1247 1371 1521 1550 1345 1753 1339 1418 1286 1919 1384 1416 1016 1007 1321 1142 1596 1099 1549 1372 1845 1638 1758 1408 1263 1808 1584 1639 1727 1205 1487 1616 1863 1199 1365 1304 1696 1394 1998 1497 1128 1909 1528 1313 1194 1303 1867 1765 1635 1139 1535 1210 1386 1684 1406 1645 1485 1247 BCNSPRNW ULIB Ver.6.0+V

เปลี่ยนเป็นภาษาไทย

Change to English
 แสดงรายละเอียดบรรณานุกรม
  กลับหน้าหลัก

Brief Record : Get Marc (ISO 2709) : E-mail record : QR code < ปิดหน้าต่าง
LEADER : 00000nam 2200000uu 4500
001    13399128653
003     ULIB
008    230925s||||||||th 000 0 tha d
020    ^a9786167735795
050  0 ^aนว.^bพ112ล
100 0  ^aพงศกร
245 10 ^aลายกินรี /^cพงศกร
250    ^aพิมพ์ครั้งที่ 10
260    ^aกรุงเทพฯ :^bกรู๊ฟ พับลิชชิ่ง,^c2562
300    ^a482 หน้า ;^c21 ซม.
650  4 ^aนวนิยายไทย
700 0  ^aพงศกร จินดาวัฒนะ
945    ^p390^l0^i30011
999    ^aกัณชพร จุลอักษร
รายการนี้ยังไม่มีแท็ก
คุณยังไม่ได้ล็อกอิน คุณสามารถมีกิจกรรมร่วมกับเว็บไซต์ได้ แต่ต้องล็อกอินก่อน ::
  ล็อกอิน

รายการสื่อสารสนเทศ

ลำดับที่ ประเภท เลขเรียก/บาร์โค้ด สถานที่ สถานะ
1. วิทยาศาสตร์การแพทย์ และสุขภาพ
วิทยาศาสตร์การแพทย์ และสุขภาพ
นว. พ112ล ฉ.1 
  Barcode: 30011
ห้องสมุดวิทยาเขตนครสวรรค์
►นวนิยาย:l:Fiction
บนชั้น

รายการใกล้เคียง
    ผู้แต่ง [พงศกร]

    หัวเรื่อง [นวนิยายไทย]

BibComment


ยังไม่เคยถูกคอมเมนท์

คอมเมนท์ทรัพยากรรายการนี้
  คอมเมนท์: ลายกินรี พงศกร


 Copyright 2026. Bcnsprnw @Library